Nithyajeevithathile Manasika Prasnangal (Record no. 112246)

MARC details
000 -LEADER
fixed length control field 00388nam a2200133Ia 4500
008 - FIXED-LENGTH DATA ELEMENTS--GENERAL INFORMATION
fixed length control field 211119s9999||||xx |||||||||||||| ||und||
082 ## - DEWEY DECIMAL CLASSIFICATION NUMBER
Classification number 100
Item number SAJ-N
100 ## - MAIN ENTRY--PERSONAL NAME
Personal name Sajeevkumar, S
245 #0 - TITLE STATEMENT
Title Nithyajeevithathile Manasika Prasnangal
260 ## - PUBLICATION, DISTRIBUTION, ETC.
Name of publisher, distributor, etc. Mathrubhumi Books
Place of publication, distribution, etc. 2011
Date of publication, distribution, etc. Kottayam
300 ## - PHYSICAL DESCRIPTION
Extent 190p.
650 ## - SUBJECT ADDED ENTRY--TOPICAL TERM
Topical term or geographic name entry element Philosophy & PsychologyEconomics
942 ## - ADDED ENTRY ELEMENTS (KOHA)
Koha item type BOOK
650 ## - SUBJECT ADDED ENTRY--TOPICAL TERM
General subdivision PGR-GANDHIAN STUDIES
Holdings
Withdrawn status Lost status Source of classification or shelving scheme Damaged status Not for loan Home library Current library Date acquired Cost, normal purchase price Full call number Barcode Shelving location Date last seen Price effective from Koha item type
    Dewey Decimal Classification     SB LIBRARY SB LIBRARY 19/11/2021 110.00 616.0019 SAJ-N 00125698 PGR-GANDHIAN STUDIES 19/11/2021 19/11/2021 BOOK

Powered by Koha